Caricamento...

സ്വയംവരം /

Dettagli Bibliografici
Autore principale: ഗോപാലകൃഷ്ണന്‍, അടൂര്‍
Altri autori: Gopalakrishnan, Adoor
Natura: Printed Book
Lingua:English
Pubblicazione: കോട്ടയം : ഡി.സി. ബുക്സ്, 2011.
Soggetti:
LEADER 00750nam a22001817a 4500
008 130910b xxu||||| |||| 00| 0 eng d
999 |c 3282  |d 3282 
020 |a 9788126431434 
082 |a 791.4372   |b GOP 
100 |a ഗോപാലകൃഷ്ണന്‍, അടൂര്‍. 
240 |a Swayamvaram 
245 |a സ്വയംവരം /  |c അടൂര്‍ ഗോപാലകൃഷ്ണന്‍ 
260 |a കോട്ടയം :  |b ഡി.സി. ബുക്സ്,  |c 2011. 
300 |a 149P. 
650 |a Screen Play 
700 |a Gopalakrishnan, Adoor. 
942 |2 ddc  |c BK 
952 |0 0  |1 0  |2 ddc  |4 0  |6 791_437200000000000_GOP  |7 0  |9 3975  |a MAIN  |b MAIN  |d 2013-09-10  |e D.C. Books, Kottayam  |g 90.00  |l 5  |o 791.4372 GOP  |p 4288  |r 2017-05-05  |s 2017-01-13  |w 2013-09-10  |y BK